Normal view
MARC view
- Dr. Muhammad Bilal Malik
Entry Personal Name
001 - CONTROL NUMBER
- control field: 17324
003 - CONTROL NUMBER IDENTIFIER
- control field: NUST
005 - DATE AND TIME OF LATEST TRANSACTION
- control field: 20190710110859.0
008 - FIXED-LENGTH DATA ELEMENTS
- fixed length control field: 190710|| aca||aabn | a|a d
040 ## - CATALOGING SOURCE
- Original cataloging agency: NUST
- Transcribing agency: NUST
100 ## - HEADING--PERSONAL NAME
- Personal name: Dr. Muhammad Bilal Malik
670 ## - SOURCE DATA FOUND
- Source citation: Work cat.: (NUST): Aslam, Muhammad Mohsin 17323, Modeling, Electromagnetic Simulatiosns and Position Control of Radial Flux Brushless DC Motor /, 2014.
